[Event "1st FIDE OWCCCC Pools-East 2021"]
[Site "Online"]
[Date "2021.02.20"]
[Round "5.40"]
[White "Mutyala Santosh Krishna"]
[Black "Pancewicz, Joanna"]
[Result "1-0"]
[WhiteElo "1252"]
[BlackElo "1108"]
[Annotator "NA RC"]
[PlyCount "129"]
[EventDate "2021.02.19"]
[EventType "team-tourn"]
[EventCountry "NET"]
[SourceTitle "playchess.com"]
[Source "ChessBase"]
[SourceQuality "1"]

1. e4 d5 2. exd5 Qxd5 3. d4 Nf6 4. Nc3 Qd8 5. Nf3 Bf5 6. Bc4 e6 7. Bg5 Be7 8. h3 O-O 9. O-O h6 10. Bh4 c6 11. Re1 Re8 12. Bd3 Bxd3 13. Qxd3 Nd5 14. Nxd5 cxd5 15. Bg3 Nc6 16. c3 Rc8 17. Rad1 Bd6 18. Ne5 Nxe5 19. Bxe5 a5 20. a3 b6 21. Qg3 Bxe5 22. Rxe5 Qf6 23. Rd3 Qg6 24. Qxg6 fxg6 25. Rde3 Rc6 26. f4 h5 27. Rg3 Kf7 28. Reg5 b5 29. Rxg6 Rg8 30. R6g5 Kf6 31. Rxh5 g6 32. Re5 b4 33. axb4 axb4 34. Rge3 bxc3 35. bxc3 Rb8 36. Kh2 Rb3 37. g4 Rbxc3 38. Rxc3 Rxc3 39. f5 gxf5 40. gxf5 exf5 41. Rxd5 Ke6 42. Rd8 Rd3 43. h4 f4 44. h5 f3 45. h6 f2 46. Kg2 Rg3+ 47. Kxf2 Rh3 48. Ra8 Kd5 49. Rd8+ Ke6 50. Ra8 Kd5 51. Rd8+ Ke4 52. Rd6 Kf5 53. d5 Ke5 54. Rd8 Rxh6 55. Ke3 Rd6 56. Rxd6 Kxd6 57. Kd4 Kd7 58. Kc5 Kc7 59. Kd4 Kd6 60. Ke4 Ke7 61. Ke5 Kd7 62. d6 Ke8 63. Ke6 Kd8 64. d7 Kc7 65. Ke7 1-0

[Event "1st FIDE OWCCCC Pools-East 2021"]
[Site "Online"]
[Date "2021.02.20"]
[Round "5.41"]
[White "Lylov, Igor"]
[Black "Vandenbussche, Thibaut"]
[Result "0-1"]
[WhiteElo "2305"]
[BlackElo "2432"]
[Annotator "TA"]
[PlyCount "82"]
[EventDate "2021.02.19"]
[EventType "team-tourn"]
[EventCountry "NET"]
[SourceTitle "playchess.com"]
[Source "ChessBase"]
[SourceQuality "1"]

1. c4 g6 2. Nc3 Bg7 3. g3 d6 4. Bg2 c5 5. e3 Nc6 6. Nge2 Nf6 7. O-O O-O 8. d4 cxd4 9. exd4 Bg4 10. h3 Bxe2 11. Nxe2 d5 12. b3 Rc8 13. Be3 b6 14. Rc1 e6 15. Qd3 e5 16. cxd5 Nxd5 17. Qb5 Nxe3 18. fxe3 Ne7 19. Rxc8 Qxc8 20. Rc1 Qd8 21. Rd1 Nf5 22. Qd3 Bh6 23. dxe5 Qe7 24. e4 Ne3 25. Qd6 Qb7 26. Rd4 Re8 27. Nf4 Bg7 28. Nd3 h5 29. Bf3 Qc8 30. Kf2 Nc2 31. Rc4 Qxh3 32. Rxc2 Qh2+ 33. Bg2 h4 34. gxh4 Qxh4+ 35. Kg1 Bh6 36. Re2 Rd8 37. Qc7 Rxd3 38. Qb8+ Rd8 39. Qc7 Rd1+ 40. Bf1 Qg3+ 41. Rg2 Be3+ 0-1

[Event "1st FIDE OWCCCC Pools-East 2021"]
[Site "Online"]
[Date "2021.02.20"]
[Round "5.41"]
[White "Ong, Kezli"]
[Black "Nasanjargal, Urtnasan"]
[Result "0-1"]
[WhiteElo "2293"]
[BlackElo "2460"]
[Annotator "TA"]
[PlyCount "54"]
[EventDate "2021.02.19"]
[EventType "team-tourn"]
[EventCountry "NET"]
[SourceTitle "playchess.com"]
[Source "ChessBase"]
[SourceQuality "1"]

1. e4 c5 2. Nf3 d6 3. Bb5+ Nd7 4. O-O a6 5. Bd3 Ngf6 6. c3 b5 7. Bc2 Bb7 8. Re1 e6 9. d4 Be7 10. e5 Nd5 11. Nbd2 cxd4 12. cxd4 Qc7 13. Ne4 dxe5 14. dxe5 Rc8 15. Bb1 Nc5 16. Nfg5 Nxe4 17. Bxe4 Bxg5 18. Bxg5 Qxe5 19. f4 Qd6 20. f5 O-O 21. fxe6 fxe6 22. Qh5 Nf6 23. Bxf6 Bxe4 24. Bxg7 Qb6+ 25. Kh1 Qf2 26. Rxe4 Qf1+ 27. Rxf1 Rxf1# 0-1

[Event "1st FIDE OWCCCC Pools-East 2021"]
[Site "Online"]
[Date "2021.02.20"]
[Round "5.41"]
[White "Tzoumbas, Anastasios"]
[Black "Abasov, Nijat"]
[Result "0-1"]
[WhiteElo "2287"]
[BlackElo "2664"]
[Annotator "TA"]
[PlyCount "128"]
[EventDate "2021.02.19"]
[EventType "team-tourn"]
[EventCountry "NET"]
[SourceTitle "playchess.com"]
[Source "ChessBase"]
[SourceQuality "1"]

1. c4 c5 2. Nc3 Nc6 3. g3 g6 4. Bg2 Bg7 5. Rb1 b6 6. a3 Bb7 7. b4 d6 8. e3 e6 9. Nge2 Nge7 10. O-O O-O 11. d4 cxd4 12. exd4 d5 13. b5 Na5 14. c5 Rc8 15. c6 Ba8 16. Bf4 Nc4 17. a4 Nf5 18. Na2 Qf6 19. Be5 Nxe5 20. dxe5 Qxe5 21. Nb4 Rfd8 22. Nd3 Qf6 23. Nef4 Nd6 24. Nb2 Bh6 25. Nfd3 Bxc6 26. bxc6 Rxc6 27. Re1 Rdc8 28. Qf3 Qxf3 29. Bxf3 Rc3 30. Kf1 Nf5 31. Bd1 Nd4 32. f4 Bf8 33. h4 h5 34. g4 hxg4 35. Bxg4 Kg7 36. h5 gxh5 37. Bxh5 Bd6 38. Bd1 Kf6 39. Kf2 Rh8 40. Rg1 Nf5 41. Kg2 Rh4 42. Rh1 Bxf4 43. Rxh4 Nxh4+ 44. Kh3 Nf5 45. Bg4 Rb3 46. Rf1 e5 47. Bxf5 Kxf5 48. Kh4 Ke4 49. Re1+ Be3 50. Nf2+ Kf3 51. Ng4 Bf4 52. Rf1+ Ke2 53. Rf2+ Ke1 54. Rg2 f5 55. Nf2 Kf1 56. Rg7 Rxb2 57. Nh3 Be3 58. a5 bxa5 59. Re7 e4 60. Rf7 f4 61. Rc7 d4 62. Re7 d3 63. Rxe4 d2 64. Nxf4 Bf2+ 0-1

[Event "1st FIDE OWCCCC Pools-East 2021"]
[Site "Online"]
[Date "2021.02.20"]
[Round "5.41"]
[White "Brandi, Flaviano"]
[Black "Sudhanshu Khandelwal"]
[Result "1-0"]
[WhiteElo "1927"]
[BlackElo "1343"]
[Annotator "TA"]
[PlyCount "137"]
[EventDate "2021.02.19"]
[EventType "team-tourn"]
[EventCountry "NET"]
[SourceTitle "playchess.com"]
[Source "ChessBase"]
[SourceQuality "1"]

1. e4 e6 2. d4 d5 3. Nd2 c5 4. exd5 exd5 5. Bb5+ Nc6 6. Ngf3 Qe7+ 7. Qe2 Qxe2+ 8. Kxe2 Bd7 9. dxc5 Bxc5 10. c3 Nf6 11. Re1 O-O 12. Kf1 Rfe8 13. Nb3 Bb6 14. Bf4 Ne4 15. Bg3 a6 16. Bd3 Nxg3+ 17. hxg3 Bg4 18. Rxe8+ Rxe8 19. Be2 Re4 20. Rd1 Ne7 21. Nfd4 Bxd4 22. Nxd4 Bxe2+ 23. Nxe2 f6 24. Nd4 Kf7 25. f3 Re5 26. Kf2 Nc6 27. Nb3 b6 28. Nd4 Nxd4 29. Rxd4 Ke6 30. Rb4 b5 31. a4 Kd6 32. axb5 axb5 33. Rxb5 d4 34. Rxe5 Kxe5 35. Ke2 dxc3 36. bxc3 Kd5 37. Kd3 g5 38. c4+ Kc5 39. Ke4 Kxc4 40. Kf5 Kd5 41. Kxf6 h6 42. Kg6 Ke5 43. Kxh6 Kf5 44. Kh5 Kf6 45. f4 gxf4 46. gxf4 Kf5 47. g3 Ke4 48. Kg5 Kf3 49. g4 Ke4 50. f5 Ke5 51. Kg6 Kf4 52. g5 Ke5 53. f6 Ke6 54. Kg7 Kf5 55. g6 Ke6 56. f7 Kf5 57. f8=Q+ Kg5 58. Qe7+ Kh5 59. Qe5+ Kg4 60. Qf6 Kh5 61. Qf5+ Kh4 62. Kf7 Kg3 63. Qe4 Kh3 64. Qf4 Kg2 65. Qe3 Kh2 66. Qg5 Kh3 67. g7 Kh2 68. g8=Q Kh1 69. Qh8# 1-0

[Event "1st FIDE OWCCCC Pools-East 2021"]
[Site "Online"]
[Date "2021.02.20"]
[Round "5.41"]
[White "Wadhwa, Pankaj"]
[Black "Krejci, Martin"]
[Result "0-1"]
[WhiteElo "1271"]
[BlackElo "2074"]
[Annotator "TA"]
[PlyCount "134"]
[EventDate "2021.02.19"]
[EventType "team-tourn"]
[EventCountry "NET"]
[SourceTitle "playchess.com"]
[Source "ChessBase"]
[SourceQuality "1"]

1. e3 d5 2. c4 Nf6 3. c5 e5 4. d4 e4 5. Nc3 Nc6 6. Be2 Be7 7. f3 O-O 8. a3 a5 9. Qc2 Re8 10. fxe4 dxe4 11. Bc4 Bf5 12. Nge2 Bg6 13. O-O Qd7 14. Ng3 Nxd4 15. exd4 Qxd4+ 16. Kh1 Qxc4 17. b3 Qxc5 18. Bb2 Nd5 19. Nge2 Ne3 20. Qc1 Nxf1 21. Qxf1 Rad8 22. Qf4 Bd6 23. Qg4 Qh5 24. Qxh5 Bxh5 25. Ng3 Bg6 26. Re1 e3 27. Bc1 Bf4 28. Nf1 Be5 29. Ne2 Bd3 30. Bxe3 Bxe2 31. Rxe2 Rd1 32. Kg1 Bf4 33. Kf2 Rxf1+ 34. Kxf1 Rxe3 35. Rxe3 Bxe3 36. Ke2 Bg1 37. h3 Kf8 38. Kd3 Ke7 39. Kc4 Kd6 40. Kb5 b6 41. b4 axb4 42. axb4 Bh2 43. h4 Kd5 44. h5 Ke4 45. g4 Kf4 46. Kc6 Kxg4 47. b5 Kxh5 48. Kb7 f5 49. Kc8 Bd6 50. Kd7 f4 51. Kc6 f3 52. Kd5 f2 53. Ke4 f1=Q 54. Kd5 Qf3+ 55. Kc4 Qf5 56. Kc3 Qe4 57. Kb3 Qb4+ 58. Kc2 Qa3 59. Kd2 Qb3 60. Ke2 Qc3 61. Kf2 Qd3 62. Kg2 Qg3+ 63. Kf1 Qh2 64. Ke1 Kg4 65. Kd1 Kf3 66. Kc1 Be5 67. Kb1 Qb2# 0-1

[Event "1st FIDE OWCCCC Pools-East 2021"]
[Site "Online"]
[Date "2021.02.20"]
[Round "5.41"]
[White "Nishant Gupta"]
[Black "Behera, Sanjay Kumar"]
[Result "1-0"]
[WhiteElo "1210"]
[BlackElo "1577"]
[Annotator "NA RC"]
[PlyCount "99"]
[EventDate "2021.02.19"]
[EventType "team-tourn"]
[EventCountry "NET"]
[SourceTitle "playchess.com"]
[Source "ChessBase"]
[SourceQuality "1"]

1. c4 e5 2. Nc3 Nf6 3. Nf3 d6 4. d3 Nc6 5. h3 h6 6. a3 Nd4 7. e3 Nc6 8. b4 a6 9. Be2 Be7 10. Nd2 Bf5 11. O-O O-O 12. e4 Bg6 13. Nf3 Nd4 14. Be3 Nc6 15. Rb1 Qc8 16. a4 Nd8 17. Nd5 Nxd5 18. cxd5 b6 19. Rc1 Nb7 20. Bxb6 Bd8 21. Qc2 Qd7 22. Be3 f5 23. Nh2 f4 24. Bd2 Rc8 25. Qc6 Qxc6 26. dxc6 d5 27. cxb7 Rb8 28. exd5 Rxb7 29. d4 e4 30. Bxa6 Rb8 31. Bc4 Kh8 32. f3 e3 33. Bc3 Be7 34. b5 Bd6 35. Ng4 Rfe8 36. Ne5 Bf5 37. a5 Kh7 38. a6 g5 39. a7 Ra8 40. Ra1 h5 41. Ra6 Bxe5 42. dxe5 g4 43. hxg4 hxg4 44. d6 cxd6 45. exd6 gxf3 46. Rxf3 e2 47. Be1 Re4 48. Bd5 Rd4 49. Bxa8 Rd1 50. Kf2 1-0

[Event "1st FIDE OWCCCC Pools-East 2021"]
[Site "Online"]
[Date "2021.02.20"]
[Round "5.42"]
[White "Hansen, Martin Hoj"]
[Black "Malik, Anjali"]
[Result "1-0"]
[WhiteElo "1861"]
[BlackElo "1328"]
[Annotator "NA RC"]
[PlyCount "61"]
[EventDate "2021.02.19"]
[EventType "team-tourn"]
[EventCountry "NET"]
[SourceTitle "playchess.com"]
[Source "ChessBase"]
[SourceQuality "1"]

1. e4 e5 2. Nf3 Nc6 3. Bc4 Bc5 4. c3 d6 5. d4 Bb6 6. O-O Bg4 7. h3 Bxf3 8. Qxf3 Nf6 9. Be3 h6 10. b4 exd4 11. cxd4 Nxb4 12. Na3 Kf8 13. Rab1 Nc6 14. Rfd1 a6 15. Nc2 Qe7 16. a3 Qd7 17. Bd3 Re8 18. Qf4 Qe7 19. f3 Nh5 20. Qg4 Nf6 21. Qf4 g5 22. Qg3 Rg8 23. Qf2 h5 24. d5 Bxe3 25. Nxe3 Ne5 26. Rxb7 g4 27. Nf5 Qd7 28. hxg4 hxg4 29. Qe3 gxf3 30. Qh6+ Rg7 31. Qxg7# 1-0

[Event "1st FIDE OWCCCC Pools-East 2021"]
[Site "Online"]
[Date "2021.02.20"]
[Round "5.42"]
[White "buyanbat"]
[Black "Lyu, Tianmin"]
[Result "0-1"]
[WhiteElo "1835"]
[BlackElo "1845"]
[Annotator "NA RC"]
[PlyCount "70"]
[EventDate "2021.02.19"]
[EventType "team-tourn"]
[EventCountry "NET"]
[SourceTitle "playchess.com"]
[Source "ChessBase"]
[SourceQuality "1"]

1. e4 c5 2. Nf3 d6 3. Bc4 Nf6 4. Nc3 e6 5. d4 cxd4 6. Nxd4 a6 7. a3 b5 8. Bd3 Bb7 9. O-O Be7 10. Be3 O-O 11. f4 Nc6 12. Nxc6 Bxc6 13. e5 dxe5 14. fxe5 Nd5 15. Nxd5 Qxd5 16. Qg4 Qxe5 17. Rae1 Bc5 18. Bxc5 Qxc5+ 19. Kh1 f5 20. Qg3 Bd5 21. h4 Rad8 22. h5 Qd4 23. h6 Qf6 24. hxg7 Rf7 25. Re2 Rxg7 26. Qf4 Bc6 27. Qe3 Rd4 28. Rf4 Qh6+ 29. Kg1 Qxf4 30. Qxe6+ Rf7 31. Qc8+ Kg7 32. Qxc6 Qc1+ 33. Kf2 Rf4+ 34. Kg3 Rg4+ 35. Kf2 Qxb2 0-1

[Event "1st FIDE OWCCCC Pools-East 2021"]
[Site "Online"]
[Date "2021.02.20"]
[Round "5.42"]
[White "Karimov, Samir"]
[Black "Makropoulou, Marina"]
[Result "1-0"]
[WhiteElo "1790"]
[BlackElo "2186"]
[Annotator "TA"]
[PlyCount "81"]
[EventDate "2021.02.19"]
[EventType "team-tourn"]
[EventCountry "NET"]
[SourceTitle "playchess.com"]
[Source "ChessBase"]
[SourceQuality "1"]

1. g3 e5 2. Bg2 d5 3. d3 c6 4. Nf3 Bd6 5. e4 Nf6 6. Nbd2 O-O 7. O-O h6 8. c3 Re8 9. Qc2 Be6 10. h4 Qc8 11. Kh2 Nbd7 12. b3 Bc7 13. Bb2 dxe4 14. dxe4 Bb6 15. c4 Ng4+ 16. Kg1 f6 17. b4 Bd8 18. c5 b5 19. cxb6 axb6 20. Nc4 Be7 21. a3 Qa6 22. Rac1 c5 23. Qc3 Rac8 24. b5 Qxb5 25. Nfd2 h5 26. f3 Nh6 27. f4 Ng4 28. fxe5 Ndxe5 29. Bh3 Nxc4 30. Bxg4 hxg4 31. Nxc4 Rcd8 32. e5 Bxc4 33. exf6 Bxf6 34. Rxf6 Re2 35. Rxb6 Qxb2 36. Rxb2 Rxb2 37. Qxb2 Bf7 38. Rxc5 Re8 39. Re5 Rc8 40. Rg5 g6 41. h5 1-0

[Event "1st FIDE OWCCCC Pools-East 2021"]
[Site "Online"]
[Date "2021.02.20"]
[Round "5.42"]
[White "Chandler, Harry"]
[Black "Yang, Alexander Z"]
[Result "0-1"]
[WhiteElo "1447"]
[BlackElo "1630"]
[Annotator "NA RC"]
[PlyCount "80"]
[EventDate "2021.02.19"]
[EventType "team-tourn"]
[EventCountry "NET"]
[SourceTitle "playchess.com"]
[Source "ChessBase"]
[SourceQuality "1"]

1. d4 Nf6 2. Bf4 d6 3. e3 Nbd7 4. Nf3 h6 5. Bd3 g5 6. Bg3 Bg7 7. c4 c5 8. Nc3 O-O 9. h3 a6 10. O-O Qe8 11. Re1 e5 12. Ne4 Nxe4 13. Bxe4 f5 14. Bd5+ Kh8 15. dxe5 dxe5 16. Rb1 e4 17. Nd2 Ne5 18. f3 Nd3 19. Rf1 f4 20. exf4 gxf4 21. Bxe4 Nxb2 22. Rxb2 Bxb2 23. Bf2 Qe5 24. Qc2 Rg8 25. Bd5 Rg7 26. Re1 Bf5 27. Qa4 Qf6 28. Re8+ Rxe8 29. Qxe8+ Kh7 30. Nf1 Bxh3 31. Be4+ Bf5 32. Bxf5+ Qxf5 33. Qe2 Bd4 34. Bxd4 cxd4 35. Qd2 d3 36. Kf2 Qc5+ 37. Ke1 Re7+ 38. Kd1 Qxc4 39. g3 Re2 40. Qc1 Qa4+ 0-1

[Event "1st FIDE OWCCCC Pools-East 2021"]
[Site "Online"]
[Date "2021.02.20"]
[Round "5.42"]
[White "Sahoo Ratnakar"]
[Black "Sankaran, Bharath"]
[Result "0-1"]
[WhiteElo "1044"]
[BlackElo "1758"]
[Annotator "NA"]
[PlyCount "64"]
[EventDate "2021.02.19"]
[EventType "team-tourn"]
[EventCountry "NET"]
[SourceTitle "playchess.com"]
[Source "ChessBase"]
[SourceQuality "1"]

1. e4 c5 2. Nf3 d6 3. Bc4 e6 4. c3 Nf6 5. d3 Be7 6. O-O O-O 7. Re1 a6 8. a4 d5 9. exd5 exd5 10. Bb3 h6 11. Nbd2 Nc6 12. h3 Be6 13. Nf1 b5 14. Ng3 Bd6 15. Be3 c4 16. dxc4 dxc4 17. Bc2 Qc7 18. Ne4 Nxe4 19. Bxe4 Rad8 20. Nd4 Nxd4 21. Bxd4 Bc5 22. axb5 axb5 23. Re3 Bxd4 24. cxd4 Qd6 25. Qh5 Qxd4 26. Qxb5 Rb8 27. Qh5 Rxb2 28. Rae1 c3 29. Rd3 Qxf2+ 30. Kh2 Qxe1 31. Rg3 Qxe4 32. Qxh6 Qe5 0-1

[Event "1st FIDE OWCCCC Pools-East 2021"]
[Site "Online"]
[Date "2021.02.20"]
[Round "5.43"]
[White "Rawtani, Madan"]
[Black "Sanjeev, Kumar"]
[Result "1-0"]
[WhiteElo "1616"]
[BlackElo "2102"]
[Annotator "TA"]
[PlyCount "103"]
[EventDate "2021.02.19"]
[EventType "team-tourn"]
[EventCountry "NET"]
[SourceTitle "playchess.com"]
[Source "ChessBase"]
[SourceQuality "1"]

1. g4 e5 2. Bg2 Bc5 3. c4 Qh4 4. e3 Nf6 5. h3 Qg5 6. Nf3 Qh6 7. g5 Qg6 8. h4 e4 9. Ne5 Qf5 10. gxf6 Qxe5 11. fxg7 Rg8 12. Nc3 Rxg7 13. Bxe4 Bb4 14. Qf3 Nc6 15. a3 Bxc3 16. bxc3 Qe6 17. Bd5 Qg6 18. Be4 Ne5 19. Bxg6 Nxf3+ 20. Ke2 fxg6 21. Kxf3 b6 22. d3 Bb7+ 23. e4 O-O-O 24. Bg5 Rf8+ 25. Ke3 Rgf7 26. Rh2 Rf3+ 27. Ke2 Ba6 28. Be3 b5 29. c5 Bb7 30. a4 c6 31. axb5 cxb5 32. Rxa7 R3f6 33. Ra5 Bc6 34. Bh6 R8f7 35. Bg5 Re6 36. Be3 Kb7 37. Rh1 d5 38. exd5 Bxd5 39. Rha1 Kb8 40. Rxb5+ Kc8 41. Rb6 Rfe7 42. Raa6 Rxb6 43. cxb6 Bb7 44. Ra7 Re6 45. Kd2 Rc6 46. d4 Rf6 47. c4 Rf3 48. d5 Rh3 49. Bg5 Rb3 50. d6 Rxb6 51. Bf4 Kd7 52. c5 1-0

[Event "1st FIDE OWCCCC Pools-East 2021"]
[Site "Online"]
[Date "2021.02.20"]
[Round "5.43"]
[White "Mikhailovsky, Sergey"]
[Black "Duin, Laurens"]
[Result "1-0"]
[WhiteElo "1470"]
[BlackElo "1981"]
[Annotator "TA"]
[PlyCount "53"]
[EventDate "2021.02.19"]
[EventType "team-tourn"]
[EventCountry "NET"]
[SourceTitle "playchess.com"]
[Source "ChessBase"]
[SourceQuality "1"]

1. e4 c6 2. Nc3 d5 3. exd5 cxd5 4. d4 e6 5. Bb5+ Bd7 6. Bxd7+ Nxd7 7. Nf3 Bd6 8. O-O Qc7 9. Nb5 Qc6 10. Nxd6+ Qxd6 11. Ng5 O-O-O 12. Nxf7 Qc6 13. Nxh8 Rf8 14. Qg4 g6 15. Bg5 Ngf6 16. Bxf6 Nxf6 17. Qg5 Ne4 18. Qe5 Qd6 19. Qg7 Nf6 20. f4 Qd7 21. Qxf8+ Ne8 22. Qc5+ Nc7 23. Qf8+ Ne8 24. b3 a6 25. c4 Kb8 26. cxd5 exd5 27. Rfe1 1-0

[Event "1st FIDE OWCCCC Pools-East 2021"]
[Site "Online"]
[Date "2021.02.20"]
[Round "5.43"]
[White "Kossiaras, Fotios"]
[Black "Ibishov, Javid"]
[Result "1-0"]
[WhiteElo "1461"]
[BlackElo "858"]
[Annotator "NA RC"]
[PlyCount "119"]
[EventDate "2021.02.19"]
[EventType "team-tourn"]
[EventCountry "NET"]
[SourceTitle "playchess.com"]
[Source "ChessBase"]
[SourceQuality "1"]

1. e4 e6 2. d4 d5 3. e5 c5 4. c3 Nc6 5. Nf3 h6 6. Bd3 Qb6 7. O-O Nge7 8. a3 a5 9. dxc5 Qc7 10. Re1 Ng6 11. Bxg6 fxg6 12. Nh4 Qf7 13. Qd3 Bxc5 14. Be3 Bxe3 15. Rxe3 Ne7 16. Nd2 O-O 17. Rf1 g5 18. Nhf3 Nf5 19. Ree1 b6 20. b3 Ba6 21. c4 Rad8 22. Qc3 Rc8 23. Qd3 Rfd8 24. Qe2 Qc7 25. Rc1 Qb7 26. Rfe1 b5 27. g4 Ne7 28. Nd4 dxc4 29. Nxe6 Re8 30. bxc4 bxc4 31. Ne4 Qd5 32. Nxg7 Kxg7 33. Nd6 Ng6 34. Nf5+ Kh7 35. Red1 Qc6 36. Rd6 Qb7 37. Qc2 Nxe5 38. Rxh6+ Kg8 39. Nd6 Qg7 40. Rh3 Rcd8 41. Nf5 Qf7 42. Nh6+ Kf8 43. Nxf7 Kxf7 44. Qh7+ Ke6 45. Rh6+ Kd5 46. Rxa6 Kd4 47. Rd1+ Kc3 48. Rxd8 Rxd8 49. Qe7 Rd1+ 50. Kg2 Nd3 51. Qf6+ Kc2 52. Qxg5 Rd2 53. Rf6 Kb3 54. Qxd2 Kxa3 55. Qc3+ Ka4 56. Qxc4+ Ka3 57. Qxd3+ Kb4 58. Rf4+ Kc5 59. Qf5+ Kc6 60. Re4 1-0

[Event "1st FIDE OWCCCC Pools-East 2021"]
[Site "Online"]
[Date "2021.02.20"]
[Round "5.43"]
[White "Ferrara, Valeria"]
[Black "Anirudh Gupta"]
[Result "0-1"]
[WhiteElo "1382"]
[BlackElo "1120"]
[Annotator "NA RC"]
[PlyCount "140"]
[EventDate "2021.02.19"]
[EventType "team-tourn"]
[EventCountry "NET"]
[SourceTitle "playchess.com"]
[Source "ChessBase"]
[SourceQuality "1"]

1. e4 e5 2. Nf3 Nc6 3. Bc4 Bc5 4. c3 Bb6 5. d4 exd4 6. cxd4 d6 7. Nc3 Bg4 8. d5 Ne5 9. Be2 Bh5 10. O-O Nf6 11. Nxe5 Bxe2 12. Qxe2 dxe5 13. Bg5 h6 14. Bh4 a6 15. Kh1 Qd6 16. Rac1 O-O 17. Bg3 Rfe8 18. f4 exf4 19. Bxf4 Qe7 20. e5 Nd7 21. Rce1 Bd4 22. e6 fxe6 23. dxe6 Nc5 24. Nd5 Qxe6 25. Qxe6+ Rxe6 26. Rd1 Re4 27. Nxc7 Rf8 28. Bd6 Rxf1+ 29. Rxf1 Nd3 30. Bg3 Nf2+ 31. Bxf2 Bxf2 32. g3 Bd4 33. b3 Re2 34. a4 Rb2 35. Nd5 Rxb3 36. Ne7+ Kh7 37. Nf5 Bf6 38. Nh4 Rb4 39. Ng2 Rxa4 40. Nf4 Rb4 41. Re1 a5 42. Kg2 a4 43. Ra1 Rb2+ 44. Kh3 Rxh2+ 45. Kxh2 Bxa1 46. Nd3 a3 47. Nb4 Bb2 48. Na2 b5 49. Kg2 Kg6 50. Kf3 Kf5 51. Ke3 Kg4 52. Kd3 Kxg3 53. Ke4 h5 54. Kd5 h4 55. Kc5 h3 56. Kxb5 h2 57. Kc4 h1=Q 58. Kd3 Qf1+ 59. Kc2 Kf3 60. Kb3 Ke4 61. Nb4 Qd1+ 62. Ka2 Qa1+ 63. Kb3 a2 64. Nxa2 Qxa2+ 65. Kxa2 g5 66. Kxb2 g4 67. Kc2 Ke3 68. Kd1 Kf2 69. Kd2 g3 70. Kd1 g2 0-1

[Event "1st FIDE OWCCCC Pools-East 2021"]
[Site "Online"]
[Date "2021.02.20"]
[Round "5.43"]
[White "Sushant Sharma"]
[Black "Madsen, Per"]
[Result "1/2-1/2"]
[WhiteElo "1089"]
[BlackElo "1676"]
[Annotator "NA RC"]
[PlyCount "124"]
[EventDate "2021.02.19"]
[EventType "team-tourn"]
[EventCountry "NET"]
[SourceTitle "playchess.com"]
[Source "ChessBase"]
[SourceQuality "1"]

1. c4 b6 2. d4 Bb7 3. Nc3 Nf6 4. Bf4 d6 5. e3 Nbd7 6. Nf3 h6 7. h3 e6 8. Be2 Be7 9. O-O O-O 10. Rc1 c5 11. Nb5 Ne8 12. Bh2 a6 13. Nc3 Nef6 14. Nd2 d5 15. Bf3 Qc8 16. Re1 Rd8 17. a4 Nf8 18. Qb3 Qc6 19. cxd5 exd5 20. dxc5 bxc5 21. Red1 Bd6 22. Bxd6 Rxd6 23. a5 Rad8 24. Na4 c4 25. Qb6 Qxb6 26. Nxb6 Ne6 27. Rc2 Nc5 28. Kf1 Nd3 29. Be2 Nb4 30. Rc3 Ne4 31. Nxe4 dxe4 32. Rxd6 Rxd6 33. Rxc4 Nd3 34. Bxd3 Rxd3 35. Ke2 Rd6 36. Rc7 Bd5 37. Ra7 Bb3 38. Rd7 Rc6 39. Rd2 Kh7 40. f4 f5 41. g4 Kg6 42. Nd7 Kh7 43. Ne5 Rc5 44. gxf5 Rxa5 45. Kf2 Rc5 46. Kg3 a5 47. h4 a4 48. Kg4 Bc2 49. Nd7 Rc7 50. Ne5 Rc5 51. h5 Rc7 52. Ng6 Bd3 53. Ne5 Rb7 54. Nxd3 exd3 55. Rxd3 Rxb2 56. Ra3 Rb4 57. Kf3 Kg8 58. Kg4 Kf7 59. Kf3 Kf6 60. Kg4 Kf7 61. Kf3 Kf6 62. Kg4 Kf7 1/2-1/2

[Event "1st FIDE OWCCCC Pools-East 2021"]
[Site "Online"]
[Date "2021.02.20"]
[Round "5.44"]
[White "Battsengel, Uurtsaikhbaatar"]
[Black "Scaramozzino, Roberta"]
[Result "1-0"]
[WhiteElo "1865"]
[BlackElo "634"]
[Annotator "NA"]
[PlyCount "49"]
[EventDate "2021.02.19"]
[EventType "team-tourn"]
[EventCountry "NET"]
[SourceTitle "playchess.com"]
[Source "ChessBase"]
[SourceQuality "1"]

1. d4 g6 2. c4 Nf6 3. Nf3 Bg7 4. g3 O-O 5. Bg2 e6 6. O-O c6 7. Nc3 d5 8. Re1 Nbd7 9. Bf4 Qa5 10. Bd6 b6 11. b4 Qa3 12. Bxf8 Nxf8 13. Qb3 Qxb3 14. axb3 a5 15. bxa5 bxa5 16. c5 Ba6 17. Rxa5 N8d7 18. Rea1 Nb8 19. Ne5 Ng4 20. Nxg4 e5 21. Nxe5 Bh6 22. e3 f6 23. Nxc6 Nxc6 24. Bxd5+ Kg7 25. Bxc6 1-0

[Event "1st FIDE OWCCCC Pools-East 2021"]
[Site "Online"]
[Date "2021.02.20"]
[Round "5.44"]
[White "Buzak, Karolina"]
[Black "Abhinav Bansal"]
[Result "0-1"]
[WhiteElo "1285"]
[BlackElo "1464"]
[Annotator "NA RC"]
[PlyCount "122"]
[EventDate "2021.02.19"]
[EventType "team-tourn"]
[EventCountry "NET"]
[SourceTitle "playchess.com"]
[Source "ChessBase"]
[SourceQuality "1"]

1. e4 e5 2. Nf3 Nc6 3. Bc4 Bc5 4. b4 Bxb4 5. c3 Ba5 6. d4 exd4 7. Nxd4 d6 8. O-O Nxd4 9. Qxd4 Nf6 10. Bg5 O-O 11. Re1 h6 12. Bh4 Bb6 13. Qd3 Be6 14. Nd2 Qe7 15. Rab1 Rad8 16. Bxe6 fxe6 17. h3 Qf7 18. Kh1 Rde8 19. f3 Nd7 20. Nc4 Nc5 21. Qd2 e5 22. Nxb6 axb6 23. Bf2 Ne6 24. Be3 Ra8 25. c4 Nf4 26. Bxf4 Qxf4 27. Qxf4 Rxf4 28. Rb2 Rff8 29. g4 Ra3 30. Kg2 Rfa8 31. Ree2 Rc3 32. Rec2 Raa3 33. Rxc3 Rxc3 34. c5 Rxc5 35. a4 Kf7 36. h4 g5 37. h5 Ke6 38. Kf2 Rc4 39. Ra2 Rc5 40. Ke2 Ra5 41. Rc2 Kd7 42. Kd3 Rxa4 43. Rc3 b5 44. Kc2 b4 45. Rb3 Ra2+ 46. Kb1 Ra6 47. Rxb4 Rb6 48. Rxb6 cxb6 49. Kb2 Kc6 50. Kb3 Kc5 51. Kc3 d5 52. exd5 Kxd5 53. Kb4 Kd4 54. Kb5 Ke3 55. Kxb6 Kxf3 56. Kxb7 Kxg4 57. Kc6 e4 58. Kd5 e3 59. Ke5 Kxh5 60. Kf6 e2 61. Kg7 e1=Q 0-1

[Event "1st FIDE OWCCCC Pools-East 2021"]
[Site "Online"]
[Date "2021.02.20"]
[Round "5.44"]
[White "Pattnaik, Aditi Upasana"]
[Black "Shramani"]
[Result "1-0"]
[WhiteElo "1033"]
[BlackElo "786"]
[Annotator "NA RC"]
[PlyCount "93"]
[EventDate "2021.02.19"]
[EventType "team-tourn"]
[EventCountry "NET"]
[SourceTitle "playchess.com"]
[Source "ChessBase"]
[SourceQuality "1"]

1. e4 e5 2. Nf3 Nf6 3. Nxe5 Nxe4 4. Qe2 d5 5. d3 f6 6. Nf3 c6 7. dxe4 dxe4 8. Qxe4+ Qe7 9. Qxe7+ Bxe7 10. Nc3 O-O 11. Be2 Re8 12. Bd2 Bf5 13. Nd4 g6 14. Nxf5 gxf5 15. O-O-O Bc5 16. f3 Nd7 17. Bd3 Ne5 18. Bxf5 Nc4 19. Rhe1 Rxe1 20. Rxe1 Nxd2 21. Kxd2 Bd4 22. Re7 Kf8 23. Rxh7 Kg8 24. Rh4 Bf2 25. Rh7 Rd8+ 26. Ke2 Bg1 27. Rxb7 Bd4 28. Rxa7 Re8+ 29. Kd3 Bxa7 30. Ne4 Rd8+ 31. Kc4 Rd4+ 32. Kc3 c5 33. Nxf6+ Kg7 34. Ng4 c4 35. Be4 Rd1 36. Kxc4 Rd2 37. Kc3 Rxg2 38. a4 Rg1 39. a5 Rd1 40. b4 Bd4+ 41. Kc4 Bb2 42. b5 Rd4+ 43. Kc5 Ba3+ 44. Kb6 Rd6+ 45. Kc7 Kf7 46. a6 Ke7 47. Bc6 1-0